LEADER 03009nam 22004453 450 001 9911046590803321 005 20230416090347.0 010 $a9791221150384 035 $a(MiAaPQ)EBC30482149 035 $a(Au-PeEL)EBL30482149 035 $a(Exl-AI)30482149 035 $a(CKB)26434601200041 035 $a(OCoLC)1376933488 035 $a(EXLCZ)9926434601200041 100 $a20230416d2023 uy 0 101 0 $aita 135 $aurcnu|||||||| 181 $ctxt$2rdacontent 182 $cc$2rdamedia 183 $acr$2rdacarrier 200 10$aProfili Civilistici Della Mobilitą Intelligente - E-Book $eCircolazione Stradale e Responsabilitą Dei Veicoli a Guida Autonoma e Assistita 205 $a1st ed. 210 1$aTorino :$cGiappichelli,$d2023. 210 4$d©2023. 215 $a1 online resource (513 pages) 311 08$aPrint version: Pellegatta, Stefano Profili Civilistici Della Mobilitą Intelligente - E-Book Torino : Giappichelli,c2023 327 $aCover -- Occhiello -- Dedica -- Indice -- Capitolo I. Guida autonoma e assistita: innovazione tecnica e qualificazione giuridica -- Capitolo II. Il funzionamento del "veicolo intelligente": evoluzione normativa e regole applicabili al settore "automotive" -- Capitolo III. La responsabilitą per il danno da circolazione di veicoli a guida assistita -- Capitolo IV. La responsabilitą per il danno da circolazione di veicoli a guida autonoma -- Capitolo V. La responsabilitą del produttore del "veicolo intelligente" -- Capitolo VI. La normativa nazionale speciale in materia di veicoli a guida autonoma. Fase della sperimentazione e comparazione giuridica: il tentativo di un bilancio -- Capitolo VII. Guida autonoma e diritto vigente: un primo bilancio -- Bibliografia -- Finito di stampare$7Generated by AI. 330 $aThis book explores the legal and technical aspects of intelligent mobility, focusing on the circulation of autonomous vehicles. It delves into the implications of autonomous and assisted driving technologies, examining their integration into existing legal frameworks and the challenges they pose. The text discusses safety measures, the role of AI, and the evolving responsibilities of manufacturers and users. It aims to provide insights into the regulatory landscape and the balance of interests in the automotive sector. The intended audience includes legal professionals, policymakers, and scholars interested in the intersection of technology and law.$7Generated by AI. 606 $aIntelligent transportation systems$7Generated by AI 606 $aArtificial intelligence$xLaw and legislation$7Generated by AI 615 0$aIntelligent transportation systems 615 0$aArtificial intelligence$xLaw and legislation 700 $aPellegatta$b Stefano$01803554 801 0$bMiAaPQ 801 1$bMiAaPQ 801 2$bMiAaPQ 906 $aBOOK 912 $a9911046590803321 996 $aProfili Civilistici Della Mobilitą Intelligente - E-Book$94474432 997 $aUNINA